000 01121nam a22003257a 4500
003 CHAP
005 20220329142809.0
008 031112d2001 mx r 00110 spa d
010 _a87892
011 _a88864
020 _a9702700795
035 _a99409
040 _cCHAP
082 0 4 _a595.76
_bN3
100 0 0 _aNavarrete-Heredia, José Luis
_eed.
_980532
245 1 0 _aTópicos sobre coleoptera de México
_c/ed. por José Luis Navarrete-Heredia, Hugo Eduardo Fierros-López y Armando Burgos-Solorio
260 _aGuadalajara, Jal. :
_bUniversidad de Guadalajara,
_c2001.
300 _a108 p. ;
_bgráfs.
590 _aBATCH-UPD
_b10
_c20130110
_lUCH01
_h0654
590 _aBATCH-UPD
_b10
_c20130410
_lUCH01
_h0339
590 _aBATCH-UPD
_b10
_c20130914
_lUCH01
_h0756
590 _aCONVERSION
_b10
_c20130109
_lUCH01
_h1349
650 1 4 _aColeópteros.
_925123
700 0 0 _aBurgos Solorio, Armando
_eed.
_916174
700 0 0 _aFierros-López, Hugo Eduardo
_eed.
_940786
901 _aBK
905 _aAlejandra Carrasco M.
942 _cLIBRO
949 _a595.76 N3
_bBC
_cLIBRO
_d33724000891529
_eLIBRO
_h104141
_i99409
_si
999 _c87892
_d87892